01322nam a2200229 a 450000100100000000500170001000800410002702000180006804000250008610000350011124501370014626000440028330000360032750000580036395201200042195201110054195201050065295201060075795201060086395201060096999900170107500003681120200930075942.0120201d2011 dr ac 000 0 spa d a9789945164572 aDO-SdBNPbspacBNPHU1 aVidal Jovine, Margarita96315313aLa cofradía a Radhamées Trujillo y a Micky Azar que ya no están con nosotros /cMargarita Vidal Jovine: prólogo Fredy Reyes. aSanto Domingo :bEditora Búho,c2011. a119 p. :bil., retrs. ;c22 cm. aIncluye datos biográficos de la autora en la solapa 001054708DSaGRbGRcCTd2012-02-01iLF1l0o p36811-20r2020-06-25te. 3w2020-06-25yLFDSZPréstamo en sala 0010718PDaPDbPDcCTd2012-02-01iLF1l0o p36811-10r2020-06-25te. 2w2020-06-25yLFPDZNo se presta 0010718PDaPDbPDcCTd2012-02-01iLF1l0o p36811-30r2020-06-25w2020-06-25yLFPDZNo se presta 00107-18PDaPDbPDcOId2012-02-01iLF1l0o p36812-10r2020-06-25w2020-06-25yLFPDZNo se presta 00107-18PDaGRbGRcOId2012-02-01iLF1l0o p36813-10r2020-06-25w2020-06-25yLFPDZNo se presta 00107-18PDaGRbGRcOId2012-02-01iLF1l0o p36814-10r2020-06-25w2020-06-25yLFPDZNo se presta c36302d36302